[Event "GER-ch (Women)"]
[Site "Magdeburg"]
[Date "2021.07.27"]
[Round "3"]
[White "Just, Anita"]
[Black "Vidonyak, Nellya"]
[Result "0-1"]
[WhiteElo "1944"]
[BlackElo "2129"]
[PlyCount "122"]
[EventDate "2021.07.25"]
[EventType "swiss"]
[EventRounds "9"]
[EventCountry "GER"]
[SourceTitle "CBM 203 Extra"]
[Source "ChessBase"]
[SourceDate "2021.09.30"]
[SourceVersion "1"]
[SourceVersionDate "2021.09.30"]
[SourceQuality "1"]

1. e4 d6 2. d4 Nf6 3. Nc3 c6 4. h3 e5 5. Nf3 Qc7 6. a4 Be7 7. Bc4 0-0 8. 0-0 exd4 9. Qxd4 Nbd7 10. Bf4 Qb6 11. Qd2 Nc5 12. a5 Qb4 13. Qd4 Ne6 14. Bxe6 Qxd4 15. Bxf7+ Rxf7 16. Nxd4 Nxe4 17. Nce2 Bd7 18. f3 Nc5 19. Bg3 Re8 20. Rfe1 Na6 21. c3 c5 22. Nc2 Bf8 23. Nf4 Rxe1+ 24. Rxe1 Nc7 25. Rd1 Ba4 26. Rd2 g5 27. Ne2 Re7 28. Kf2 Re6 29. Ne3 Bc6 30. Nc4 Ne8 31. Nc1 Bh6 32. Re2 Kf7 33. Rxe6 Kxe6 34. Ne2 Bg7 35. Ne3 d5 36. Bb8 d4 37. cxd4 cxd4 38. Nd1 a6 39. Ba7 Kd5 40. b3 Bb5 41. Ke1 Nd6 42. b4 Nc4 43. Bc5 h6 44. Kf2 Ba4 45. Ke1 Bxd1 46. Kxd1 Ne3+ 47. Kd2 Nxg2 48. Ng3 Nh4 49. Ke2 Be5 50. Ne4 Ng6 51. Kd2 Kc4 52. Nf2 Bf4+ 53. Kc2 Ne5 54. Bf8 h5 55. Be7 d3+ 56. Kd1 Nxf3 57. Ne4 Nd4 58. Nf6 Nb5 59. Ne4 Nc3+ 60. Nxc3 Kxc3 61. Bc5 h4 0-1

[Event "GER-ch (Women)"]
[Site "Magdeburg"]
[Date "2021.07.26"]
[Round "2"]
[White "Bashylina, Luisa"]
[Black "Just, Anita"]
[Result "1/2-1/2"]
[WhiteElo "1992"]
[BlackElo "1944"]
[PlyCount "93"]
[EventDate "2021.07.25"]
[EventType "swiss"]
[EventRounds "9"]
[EventCountry "GER"]
[SourceTitle "CBM 203 Extra"]
[Source "ChessBase"]
[SourceDate "2021.09.30"]
[SourceVersion "1"]
[SourceVersionDate "2021.09.30"]
[SourceQuality "1"]

1. d4 e6 2. c4 f5 3. g3 Nf6 4. Bg2 Bb4+ 5. Nd2 0-0 6. Ngf3 Ne4 7. 0-0 Bxd2 8. Nxd2 Nxd2 9. Bxd2 d5 10. cxd5 exd5 11. Qb3 c6 12. f3 a5 13. e4 a4 14. Qe3 Be6 15. Bb4 Re8 16. e5 Nd7 17. h3 h6 18. g4 Qh4 19. f4 Nb6 20. Be1 Qe7 21. Qd3 Rf8 22. a3 Qd7 23. Bb4 Rf7 24. g5 hxg5 25. fxg5 g6 26. Rf4 Rh7 27. Raf1 Kf7 28. h4 Rah8 29. Be1 Nc4 30. Qe2 Qc7 31. Bg3 Qb6 32. R1f2 Qb3 33. Bf3 Qe3 34. Qc2 Qe1+ 35. Kh2 b5 36. h5 Ne3 37. Qxc6 Rxh5+ 38. Bxh5 Rxh5+ 39. Rh4 Rxh4+ 40. Bxh4 Ng4+ 41. Kg2 Qe4+ 42. Kg1 Nxf2 43. Qc7+ Ke8 44. Qc6+ Kf7 45. Qc7+ Ke8 46. Qc6+ Kf7 47. Qc7+ 1/2-1/2

[Event "GER-ch (Women)"]
[Site "Magdeburg"]
[Date "2021.07.25"]
[Round "1"]
[White "Just, Anita"]
[Black "Reck, Jessica"]
[Result "1-0"]
[WhiteElo "1944"]
[BlackElo "1692"]
[PlyCount "83"]
[EventDate "2021.07.25"]
[EventType "swiss"]
[EventRounds "9"]
[EventCountry "GER"]
[SourceTitle "CBM 203 Extra"]
[Source "ChessBase"]
[SourceDate "2021.09.30"]
[SourceVersion "1"]
[SourceVersionDate "2021.09.30"]
[SourceQuality "1"]

1. e4 c5 2. Nf3 Nc6 3. d4 cxd4 4. Nxd4 Qb6 5. Nb3 Nf6 6. Nc3 e6 7. Be3 Qc7 8. a3 d6 9. Be2 Be7 10. 0-0 a6 11. a4 b6 12. f4 0-0 13. Bf3 Bb7 14. g4 Nd7 15. g5 Rfe8 16. Bg2 Nc5 17. Nd4 Rad8 18. Qh5 Bf8 19. Rf3 g6 20. Qh4 Nxd4 21. Bxd4 e5 22. Be3 exf4 23. Bd4 Nd7 24. Rh3 h6 25. gxh6 Kh7 26. Qxf4 Ne5 27. Rf1 Rd7 28. Rf2 Bc8 29. Nd5 Qc4 30. Nf6+ Kh8 31. Nxe8 Qxd4 32. Qf6+ Kh7 33. Rd3 Qxb2 34. Rb3 Qc1+ 35. Bf1 Ng4 36. Qf4 Qd1 37. Rd2 Bxh6 38. Qxh6+ Kxh6 39. Rxd1 Re7 40. Nxd6 Rd7 41. Bh3 Kh5 42. Rd5+ 1-0

[Event "GER-ch op (Women) 20th"]
[Site "Erlangen"]
[Date "2020.10.04"]
[Round "6"]
[White "Just, Anita"]
[Black "Reuter, Elisa"]
[Result "1/2-1/2"]
[WhiteElo "1963"]
[BlackElo "1860"]
[PlyCount "179"]
[EventDate "2020.10.01"]
[EventType "swiss"]
[EventRounds "7"]
[EventCountry "GER"]
[SourceTitle "EXT 2022"]
[Source "ChessBase"]
[SourceDate "2021.10.06"]
[SourceVersion "1"]
[SourceVersionDate "2021.10.06"]
[SourceQuality "1"]

1. e4 c5 2. Nf3 Nc6 3. d4 cxd4 4. Nxd4 g6 5. Nc3 Bg7 6. Be3 Nf6 7. Bc4 Qa5 8. 0-0 0-0 9. Bb3 d6 10. h3 Bd7 11. Re1 Rac8 12. Nd5 Rfe8 13. Qd3 Ne5 14. Nxf6+ Bxf6 15. Qf1 Qa6 16. Qxa6 bxa6 17. Rad1 a5 18. c3 a4 19. Bc2 a3 20. bxa3 Rxc3 21. Bb3 Nc4 22. Bc1 Nb6 23. Ne2 Rcc8 24. Be3 Bb2 25. Bc1 Bf6 26. Nf4 Bc3 27. Re3 Bf6 28. Bd2 Bb5 29. Ree1 Be5 30. Ne2 Nc4 31. Bc1 Nb2 32. Bxb2 Bxb2 33. Nd4 Bxd4 34. Rxd4 Rc5 35. f3 Rec8 36. Red1 Bc4 37. R1d2 Kf8 38. Kf2 Ke8 39. Ke3 Be6 40. Bxe6 fxe6 41. Rb4 Rc3+ 42. Rd3 Rc2 43. Rb7 R8c7 44. Rxc7 Rxc7 45. Kd2 Kd7 46. Rb3 Kc8 47. Rb4 Rc5 48. Kd3 Kc7 49. Ra4 Kb6 50. Rb4+ Kc7 51. Rb2 Ra5 52. Rb3 Rc5 53. f4 Rc1 54. Rb2 Rc5 55. Kd4 Rc1 56. Rf2 Rc5 57. g4 Ra5 58. Rc2+ Kd7 59. Rc3 Ra4+ 60. Ke3 Ra5 61. Kd3 Kd8 62. Kc2 Ra4 63. Re3 Rc4+ 64. Kb3 Rc5 65. Rd3 Kc7 66. Rd4 Rb5+ 67. Kc3 Rc5+ 68. Kd2 Rb5 69. Rb4 Rc5 70. g5 Ra5 71. a4 Rc5 72. Kd3 Ra5 73. Rc4+ Kd7 74. Ke3 Kd8 75. Kd3 Kd7 76. Kc3 Ra6 77. Rb4 Kc7 78. Kd4 Ra5 79. a3 Rc5 80. Rb3 Ra5 81. Rc3+ Kd7 82. Rc4 Ra6 83. Rb4 Kc7 84. Ke3 Ra5 85. Kd4 Rc5 86. e5 Rd5+ 87. Ke4 Rc5 88. Kd4 Rd5+ 89. Ke4 Rc5 90. Kd4 1/2-1/2

[Event "GER-ch op (Women) 20th"]
[Site "Erlangen"]
[Date "2020.10.03"]
[Round "4"]
[White "Just, Anita"]
[Black "Lukas, Anne"]
[Result "0-1"]
[WhiteElo "1963"]
[BlackElo "1902"]
[PlyCount "130"]
[EventDate "2020.10.01"]
[EventType "swiss"]
[EventRounds "7"]
[EventCountry "GER"]
[SourceTitle "EXT 2022"]
[Source "ChessBase"]
[SourceDate "2021.10.06"]
[SourceVersion "1"]
[SourceVersionDate "2021.10.06"]
[SourceQuality "1"]

1. e4 e6 2. d4 d5 3. Nc3 Nf6 4. Bg5 Be7 5. e5 Nfd7 6. Bxe7 Qxe7 7. f4 a6 8. Nf3 c5 9. Qd2 Nc6 10. dxc5 Nxc5 11. Bd3 b5 12. 0-0-0 b4 13. Ne2 b3 14. cxb3 Nb4 15. Bb1 a5 16. Qd4 Ba6 17. Nc3 0-0 18. f5 exf5 19. Bxf5 Nxa2+ 20. Kb1 Nb4 21. Qg4 g6 22. Rxd5 Bd3+ 23. Bxd3 Ncxd3 24. Rxd3 Nxd3 25. Nd5 Qe6 26. Nf6+ Kg7 27. Qxe6 fxe6 28. Nd7 Rfd8 29. Nb6 Rab8 30. Nc4 Rd5 31. Ng5 Nc5 32. Nxa5 h6 33. Nf3 Nxb3 34. Nxb3 Rxb3 35. Rc1 Rb7 36. Rc6 Kf7 37. Rc4 Rdb5 38. Rc2 g5 39. Re2 Rd7 40. h3 Kg6 41. Rf2 h5 42. Re2 g4 43. hxg4 hxg4 44. Nd2 Rd4 45. Kc2 Rc5+ 46. Kb1 Rb4 47. b3 Kf5 48. Kb2 Rxe5 49. Rxe5+ Kxe5 50. Kc3 Rb8 51. g3 Rd8 52. b4 Rd7 53. b5 Kd5 54. Kb4 e5 55. Nc4 Kd4 56. Na5 Ke3 57. Kc5 Kf3 58. Nc4 Ke4 59. Kc6 Rh7 60. b6 Kd4 61. Nd6 e4 62. Nf5+ Kd3 63. b7 Rxb7 64. Kxb7 e3 65. Nh6 e2 0-1

[Event "GER-ch (Women)"]
[Site "Magdeburg"]
[Date "2020.08.20"]
[Round "7"]
[White "Just, Anita"]
[Black "Mehling, Katharina"]
[Result "1/2-1/2"]
[WhiteElo "1912"]
[BlackElo "1947"]
[PlyCount "101"]
[EventDate "2020.08.16"]
[EventType "swiss"]
[EventRounds "9"]
[EventCountry "GER"]
[SourceTitle "CBM 197 Extra"]
[Source "ChessBase"]
[SourceDate "2020.09.30"]
[SourceVersion "1"]
[SourceVersionDate "2020.09.30"]
[SourceQuality "1"]

1. e4 c6 2. d4 g6 3. Nc3 d5 4. e5 h5 5. h4 Nh6 6. Be3 Nf5 7. Qd2 Nxe3 8. Qxe3 Bf5 9. 0-0-0 Nd7 10. f4 e6 11. Nf3 Qa5 12. Nd2 b5 13. Nb3 Qb6 14. Bd3 Bxd3 15. Qxd3 a5 16. Kd2 a4 17. Nc1 b4 18. N3e2 c5 19. Ke1 Be7 20. Kf1 Kf8 21. c4 bxc3 22. bxc3 Kg7 23. Qf3 cxd4 24. cxd4 Qb2 25. Rh3 Rac8 26. Nc3 Nb6 27. N1e2 Nc4 28. Qd3 Qb4 29. Rb1 Qa5 30. Rb7 Rhe8 31. Rb5 Qa7 32. Qd1 a3 33. Qa4 Qxa4 34. Nxa4 Rb8 35. Nac3 Rxb5 36. Nxb5 Rb8 37. Nec3 Bb4 38. Rd3 Bxc3 39. Nxc3 Rb2 40. g3 Kf8 41. Ke1 Ke7 42. Rf3 Rc2 43. Kd1 Rg2 44. Ne2 Kd7 45. Rb3 Kc7 46. Ke1 Rh2 47. Kd1 Rh1+ 48. Kc2 Rh2 49. Kd1 Rh1+ 50. Kc2 Rh2 51. Kd1 1/2-1/2

[Event "BL 1920 (Women)"]
[Site "Germany"]
[Date "2020.02.16"]
[Round "8.6"]
[White "Rosmait, Emily"]
[Black "Just, Anita"]
[Result "1-0"]
[WhiteElo "1893"]
[BlackElo "1874"]
[PlyCount "85"]
[EventDate "2019.09.14"]
[EventType "team-tourn"]
[EventRounds "11"]
[EventCountry "GER"]
[SourceTitle "CBM 195 Extra"]
[Source "ChessBase"]
[SourceDate "2020.05.31"]
[SourceVersion "1"]
[SourceVersionDate "2020.05.31"]
[SourceQuality "1"]
[WhiteTeam "Harksheide (W)"]
[BlackTeam "Leipzig Weissblau (W)"]
[WhiteTeamCountry "GER"]
[BlackTeamCountry "GER"]

1. e4 e6 2. d4 d5 3. Nd2 c5 4. exd5 Qxd5 5. Ngf3 cxd4 6. Bc4 Qd6 7. 0-0 Nc6 8. Nb3 a6 9. Nbxd4 Nxd4 10. Nxd4 Qc7 11. Qe2 Bd6 12. h3 Ne7 13. Re1 0-0 14. Bd3 Ng6 15. c3 Bf4 16. Qe4 Bxc1 17. Raxc1 Bd7 18. h4 e5 19. Nf5 Rfe8 20. Re3 Qc6 21. Qg4 Bxf5 22. Bxf5 Qf6 23. h5 Nf8 24. Rce1 Rad8 25. Rf3 Qh6 26. a4 Ne6 27. Rxe5 Qc1+ 28. Kh2 Rd1 29. Bxe6 Rh1+ 30. Kg3 fxe6 31. Rxe6 Rd8 32. Rfe3 Rf8 33. Re8 Qxe3+ 34. Rxe3 Kh8 35. Re7 Rg8 36. Rxb7 h6 37. Rc7 Re1 38. Rc8 Ree8 39. Rxe8 Rxe8 40. Qg6 Re5 41. Kf3 a5 42. g4 Kg8 43. b4 1-0